[Event "Winter Chess Classic-B 2019"]
[Site "Saint Louis"]
[Date "2019.11.13"]
[Round "4.5"]
[White "Azarov, Sergei"]
[Black "Moradiabadi, Elshan"]
[Result "1-0"]
[WhiteElo "2586"]
[BlackElo "2552"]
[Annotator "TA"]
[PlyCount "147"]
[EventDate "2019.11.10"]
[EventType "tourn"]
[EventCountry "USA"]
[SourceTitle "playchess.com"]
[Source "ChessBase"]
[SourceQuality "1"]

{[%evp 32,147,23,17,18,12,14,25,18,19,26,23,16,16,28,21,10,26,19,13,0,3,27,25,37,27,29,19,16,14,26,11,17,15,9,10,21,9,21,14,25,29,30,24,25,30,29,27,30,8,8,8,8,8,9,8,8,8,8,8,8,8,633,633,633,633,678,678,678,678,678,678,678,678,678,678,678,678,678,678,678,678,678,678,678,678,678,678,29956,29964,29965,29960,713,706,706,705,690,690,690,690,690,633,29988,29989,29989,633,29990,29991,29991,633,29992,29993,29993,29994,29994,29995,29995,29996]} 1. e4 e5 2. Nf3 Nc6 3. Bb5 a6 4. Ba4 Nf6 5. O-O Be7 6. Re1 b5 7. Bb3 d6 8. c3 O-O 9. h3 Nb8 10. d4 Nbd7 11. Bc2 Bb7 12. Nbd2 Re8 13. Nf1 Bf8 14. Ng3 g6 15. a4 Bg7 16. Bg5 h6 17. Bd2 Nb6 {[%cal Bd7b6,Bb6c4,Bc4d2][%mdl 32] C95: Closed Ruy Lopez: Breyer Variation with 10 d4} 18. Qc1 (18. axb5 axb5 19. Bd3 Rxa1 20. Qxa1 c6 21. b3 Qc7 22. Qc1 Kh7 23. Be3 Bc8 24. Qc2 Bd7 25. Ra1 {0-1 (63) Hou,Y (2658)-Vitiugov,N (2734) Belokurikha 2018}) 18... Kh7 19. b3 bxa4 {White has an edge.} 20. bxa4 Nc4 21. Rb1 $146 ({Predecessor:} 21. Bd3 Nxd2 22. Qxd2 Kg8 23. Rab1 Bc8 24. Qa2 c6 25. a5 {0-1 (65) Ramiro Ovejero,J (2382)-Santos Latasa,J (2582) Linares 2018}) 21... Bc6 22. Bb3 Nxd2 23. Qxd2 Re7 24. dxe5 dxe5 25. Qxd8 (25. Qa2 {seems wilder.} Qe8 26. h4 h5 27. Ng5+ Kg8 28. a5) 25... Rxd8 {[#]} 26. Bxf7 $1 {[%mdl 512]} Rd3 (26... Rxf7 27. Nxe5) 27. Bc4 Rxc3 28. Bxa6 Bxa4 29. Bb5 Bxb5 30. Rxb5 Ne8 31. Rbb1 Nd6 32. Rec1 Rxc1+ 33. Rxc1 Bf6 34. Rc6 h5 35. Nd2 Bg5 36. Ngf1 Kg7 37. g3 h4 38. gxh4 Bxh4 39. Ne3 Bg5 40. Nd5 {Hoping for Nf3.} Rf7 41. Nc4 Nxe4 42. Nxe5 Rxf2 43. Rxg6+ Kh7 {...Rd2 is the strong threat.} 44. Rxg5 Nxg5 45. Kxf2 {aiming for h4.} Nxh3+ 46. Kg3 c6 $2 {[%mdl 8192] [#]} (46... Ng5 $11) 47. Nf6+ $1 $18 Kg7 {[#]} 48. Ne4 $1 c5 49. Nc4 ({Weaker is} 49. Kxh3 c4 $14) 49... Kg6 50. Kxh3 Kf5 51. Nc3 Kf4 52. Kh4 Kf5 53. Kg3 Kg5 54. Kf3 Kf5 55. Nd5 Kg5 56. Nde3 Kg6 57. Kg4 Kf6 58. Kf4 Kg6 59. Ng4 Kh5 60. Nge5 Kh4 61. Nf3+ Kh5 62. Kf5 Kh6 63. Nfe5 Kh5 64. Ng6 Kh6 65. Nf4 Kg7 66. Ke6 Kh7 67. Kf7 Kh6 68. Kf6 Kh7 {If Black can now play ...Kh6 this consolidates a bit.} 69. Ne6 Kh6 70. Ng7 Kh7 {If only Black now had time for ...Kh6....} 71. Nf5 {White mates.} Kg8 72. Ke7 Kh8 73. Kf7 Kh7 74. Ne5 {Accuracy: White = 75%, Black = 54%.} 1-0

[Event "Winter Chess Classic-B 2019"]
[Site "Saint Louis"]
[Date "2019.11.14"]
[Round "5.1"]
[White "Moradiabadi, Elshan"]
[Black "Erenburg, Sergey"]
[Result "1/2-1/2"]
[WhiteElo "2552"]
[BlackElo "2581"]
[Annotator "TA"]
[PlyCount "116"]
[EventDate "2019.11.10"]
[EventType "tourn"]
[EventCountry "USA"]
[SourceTitle "playchess.com"]
[Source "ChessBase"]
[SourceQuality "1"]

{[%evp 11,116,0,6,0,6,0,0,0,0,-14,0,0,0,0,0,0,0,0,0,0,21,0,0,0,0,29,19,40,46,14,76,75,75,75,60,68,56,-29,0,0,22,0,0,0,0,0,0,0,0,0,0,0,0,-28,-30,-91,-79,-83,-82,-105,0,0,0,0,0,0,0,0,0,0,0,0,0,0,0,0,0,0,0,0,0,0,0,0,0,0,0,0,0,0,0,0,0,0,0,0,0,0,0,0,0,0,0,0,0,0,0]} 1. e4 c6 2. d4 d5 3. e5 Bf5 4. h4 h5 5. c4 e6 6. Nc3 Ne7 7. Nge2 {B12: Caro-Kann: Advance Variation} Nd7 8. Ng3 Bg6 9. Bg5 Qb6 $146 ({Predecessor:} 9... f6 10. exf6 gxf6 11. Be3 Qb6 {1-0 (53) Sutovsky,E (2633)-Houska,J (2402) Douglas 2018}) 10. Rc1 f6 11. exf6 $1 gxf6 12. Be3 $1 Qxb2 13. cxd5 Nxd5 14. Nxd5 exd5 15. Bd3 $36 {[%mdl 2048] White is pushing.} Qb4+ 16. Kf1 Bxd3+ 17. Qxd3 O-O-O 18. Bf4 Re8 19. Kg1 Rg8 20. Qd1 Bd6 (20... Rg4 $11 {remains equal.} 21. Nxh5 f5) 21. Rb1 $16 Qa3 {[#]} 22. Bxd6 $1 Qxd6 23. Qxh5 Qf4 24. Qd1 (24. Nf5 $14) 24... Rg4 25. h5 Rh8 ({Don't blunder} 25... Qxd4 $2 26. Qxd4 Rxd4 27. Nf5 $18) 26. Qb3 Nb6 27. a4 Rg7 ({Much weaker is} 27... Qxd4 $6 28. a5 $16) 28. Qd3 Nc4 29. h6 Rgh7 ({Don't play} 29... Rxh6 $6 30. Nh5 $16) 30. Qf5+ Qxf5 31. Nxf5 Kc7 32. Re1 Kd7 33. Rb1 (33. f4 $11) 33... Nd6 $17 34. Nxd6 Kxd6 {[%mdl 4096] Endgame KRR-KRR} 35. Rb3 b6 (35... Rxh6 $17 36. Rxh6 Rxh6 37. Rxb7 Rh4 38. Rxa7 Rxd4) 36. Rbh3 $11 {The position is equal.} c5 37. f4 f5 38. Kf2 cxd4 39. Rh5 Rf8 40. Kf3 Rf6 41. g4 fxg4+ 42. Kxg4 d3 43. Kg5 Rhf7 44. Rf1 d2 {White must now prevent ...Rf5+.} 45. Rhh1 {Threatens to win with h7.} Rf5+ 46. Kg4 {[#] And now h7 would win.} d1=Q+ $1 {[%mdl 512]} 47. Rxd1 Rxf4+ {[%mdl 64] Double Attack} 48. Kg5 R4f5+ 49. Kg4 {h7 is the strong threat.} Rf4+ 50. Kg5 R7f5+ 51. Kg6 Rf6+ 52. Kg5 R4f5+ 53. Kg4 {Hoping for h7.} Rf4+ 54. Kg5 R6f5+ 55. Kg6 Rf6+ 56. Kg5 R4f5+ 57. Kg4 {Strongly threatening h7.} Rf4+ 58. Kg5 R6f5+ {Accuracy: White = 66%, Black = 69%.} 1/2-1/2

[Event "Winter Chess Classic-B 2019"]
[Site "Saint Louis"]
[Date "2019.11.14"]
[Round "5.2"]
[White "Wang, Justin"]
[Black "Azarov, Sergei"]
[Result "1/2-1/2"]
[WhiteElo "2459"]
[BlackElo "2586"]
[Annotator "TA"]
[PlyCount "51"]
[EventDate "2019.11.10"]
[EventType "tourn"]
[EventCountry "USA"]
[SourceTitle "playchess.com"]
[Source "ChessBase"]
[SourceQuality "1"]

{[%evp 17,51,0,1,6,18,0,0,0,0,0,0,0,31,31,25,23,41,25,14,13,13,0,0,0,21,0,0,0,0,0,0,0,0,0,0,0]} 1. e4 e5 2. Nf3 Nc6 3. Bc4 Bc5 4. c3 Nf6 5. d4 exd4 6. e5 d5 7. Bb5 Ne4 8. cxd4 Bb6 9. Nc3 O-O 10. Be3 {C54: Giuoco Piano: 4 c3 Nf6, main lines with 5 d4 and 5 d3} f5 11. exf6 Nxc3 12. bxc3 {Threatens to win with fxg7.} Qxf6 13. O-O Bg4 {[%cal Rg4f3]} 14. Be2 $1 {[#]} Nd8 $146 ({Predecessor:} 14... Ne7 15. h3 Bh5 16. Ne5 Bxe2 17. Qxe2 {½-½ (48) Amonatov,F (2636)-Leko,P (2691) Riadh 2017}) 15. Ne5 Bxe2 16. Qxe2 {Strongly threatening Nd7.} Qf5 17. g4 Qe6 18. f4 {The position is equal.} Nf7 19. h3 Nxe5 20. fxe5 c5 21. dxc5 Qxe5 22. cxb6 Qg3+ {[%mdl 64] [#] Double Attack} 23. Kh1 Qxh3+ 24. Kg1 {Black must now prevent Bd4.} Qg3+ 25. Kh1 {Hoping for Rxf8+.} Qh3+ 26. Kg1 {Accuracy: White = 44%, Black = 54%.} 1/2-1/2

[Event "Winter Chess Classic-B 2019"]
[Site "Saint Louis"]
[Date "2019.11.14"]
[Round "5.3"]
[White "Cordova, Emilio"]
[Black "Khachiyan, Melikset"]
[Result "1-0"]
[WhiteElo "2570"]
[BlackElo "2493"]
[Annotator "TA"]
[PlyCount "55"]
[EventDate "2019.11.10"]
[EventType "tourn"]
[EventCountry "USA"]
[SourceTitle "playchess.com"]
[Source "ChessBase"]
[SourceQuality "1"]

{[%evp 22,71,55,56,76,58,89,71,129,120,131,68,65,38,33,18,153,162,195,174,173,52,66,70,60,68,59,63,93,93,91,89,91,88,383,348,348,348,348,348,348,339,405,395,441,432,447,447,542,527,958,479]} 1. Nf3 d5 2. d4 Nf6 3. c4 e6 4. g3 c5 5. cxd5 exd5 6. Bg2 Nc6 7. O-O Be7 8. Nc3 O-O 9. dxc5 d4 10. Na4 Bf5 11. Bf4 Be4 12. Rc1 Qd5 {D34: Tarrasch Defence: 6 g3 Nf6 7 Bg2 Be7} 13. a3 Rfd8 $146 ({Predecessor:} 13... Rad8 14. b4 Qa2 15. Ra1 Qd5 16. Nb2 a5 17. b5 Na7 18. a4 Bxc5 19. Bc7 Rd7 20. Bxa5 {1-0 (30) Vazquez Igarza,R (2479)-Roa Alonso,S (2360) Madrid 2005}) 14. b4 Rac8 ({Better is} 14... h6) 15. Re1 h6 16. b5 (16. Bh3 $16) 16... Na5 $14 17. b6 (17. Bh3 $5 {[%cal Rh3c8]} g5 18. Be5 $14 (18. Bxc8 gxf4 19. Bh3 Nb3 $14)) 17... a6 $1 18. Bc7 Rd7 (18... Re8 $11) 19. Bh3 $16 Bf5 20. Bxf5 Qxf5 21. Qd3 (21. Nxd4 $18 Qh3 22. e3 (22. f3 Nd5 $16)) 21... Qh3 22. Ne5 $36 {[%mdl 2048] White fights for an advantage.} Ng4 23. Nxg4 Qxg4 24. Nb2 Rd5 25. c6 Nxc6 {[#]} 26. Rxc6 $1 {[%mdl 512]} bxc6 27. b7 {aiming for Qe4!} Rb5 $2 {[%mdl 8192] [#]} (27... Re8 $16 {is a better defense.}) 28. Qxd4 {Played: Qd3-e4} 1-0

[Event "Winter Chess Classic-B 2019"]
[Site "Saint Louis"]
[Date "2019.11.14"]
[Round "5.4"]
[White "Sorokin, Aleksey"]
[Black "Harutyunian, Tigran K."]
[Result "1/2-1/2"]
[WhiteElo "2513"]
[BlackElo "2542"]
[Annotator "TA"]
[PlyCount "81"]
[EventDate "2019.11.10"]
[EventType "tourn"]
[EventCountry "USA"]
[SourceTitle "playchess.com"]
[Source "ChessBase"]
[SourceQuality "1"]

{[%evp 19,81,16,16,14,38,37,48,48,50,48,48,31,29,0,0,0,0,0,0,0,0,0,0,0,0,0,0,0,0,0,0,0,0,0,0,0,0,0,0,0,0,0,0,0,0,0,0,0,0,0,0,0,6,8,24,7,20,0,0,0,22,0,0,0]} 1. d4 Nf6 2. c4 g6 3. Nc3 d5 4. cxd5 Nxd5 5. e4 Nxc3 6. bxc3 Bg7 7. Nf3 c5 8. Be3 Qa5 9. Qd2 O-O 10. Rc1 Nd7 {[%cal Bb8d7,Bd7f6,Bf6g4][%mdl 32]} 11. Bd3 {D85: Exchange Grünfeld: Unusual White 7th moves and lines with 7 Nf3} e5 12. d5 Nf6 13. c4 {White is slightly better.} Qc7 {[#]} 14. O-O $146 ({Predecessor:} 14. h3 Ne8 15. O-O Nd6 16. Qe2 f5 17. Bd2 fxe4 18. Bxe4 Nxe4 19. Qxe4 {½-½ (30) Esipenko,A (2624)-Svidler,P (2729) Khanty-Mansiysk 2019}) 14... Ng4 15. Bg5 f6 16. h3 (16. Be3 $5) 16... fxg5 17. hxg4 Bxg4 18. Nh2 Bd7 19. Qxg5 Rf4 20. g3 Bf6 21. Qh6 Bg7 22. Qg5 Rf7 (22... Bf6 $5 23. Qh6 $8 Bg7 24. Qg5 $11) 23. Be2 Bf6 24. Qe3 h5 25. Qh6 Rg7 26. Bxh5 {[%mdl 64] [#] Pin} Qd8 $1 {Strongly threatening ...Bg5.} 27. Bxg6 Bg5 28. Qh5 {Black must now prevent f4.} Bxc1 29. Rxc1 Qf6 $1 30. Bf5 Bxf5 31. exf5 Rg5 $1 {[%cal Rg5h5]} 32. Ng4 Qg7 (32... Qxf5 $5 33. Nh6+ $8 {[%mdl 64] Double Attack} Kf8 34. Nxf5 Rxh5 $11) 33. f6 Rxh5 34. fxg7 Kxg7 $11 {[%mdl 4096] Endgame KRR-KRN} 35. Re1 Rg5 $132 {[%mdl 2048] Black has counterplay} 36. Re4 Re8 37. Kg2 Kf7 {The position is equal.} 38. Nh2 Kf6 39. Ng4+ Kf7 40. Nh2 Kf6 41. Ng4+ {Accuracy: White = 75%, Black = 77%.} 1/2-1/2

[Event "Winter Chess Classic-B 2019"]
[Site "Saint Louis"]
[Date "2019.11.14"]
[Round "5.5"]
[White "Yoo, Christopher Woojin"]
[Black "Perez Ponsa, Federico"]
[Result "1/2-1/2"]
[WhiteElo "2449"]
[BlackElo "2560"]
[Annotator "TA"]
[PlyCount "60"]
[EventDate "2019.11.10"]
[EventType "tourn"]
[EventCountry "USA"]
[SourceTitle "playchess.com"]
[Source "ChessBase"]
[SourceQuality "1"]

{[%evp 11,60,-39,-16,-20,-18,-31,0,0,0,0,0,-10,0,0,0,-13,0,0,0,0,2,-27,-12,-12,-10,-31,-3,-8,0,-19,-17,-15,0,-39,0,-39,31,25,25,18,20,0,29,25,35,0,0,0,0,0,-4]} 1. e4 c5 2. d4 cxd4 3. c3 dxc3 4. Nxc3 Nc6 5. Nf3 e6 6. Bc4 Nge7 7. O-O {B21: Sicilian: 2 f4 and Morra Gambit} (7. Bg5 f6 8. Be3 Ng6 9. a3 Be7 10. Ba2 Qc7 11. Rc1 Qb8 12. O-O O-O 13. Qe2 Kh8 14. Bb1 b6 {½-½ (75) Kislinsky,A (2513)-Schippers,M (2302) Groningen 2017}) 7... Ng6 8. Nb5 d6 9. Bg5 Qd7 10. Nbd4 $146 ({Predecessor:} 10. Nfd4 a6 11. Nc3 h6 12. Be3 Be7 13. f4 Nxd4 14. Bxd4 b5 15. Bxe6 fxe6 {0-1 (56) Khaskelman,E (2152)-Karnaukh,A (2240) Kiev 2000}) 10... h6 11. Be3 a6 12. Nxc6 bxc6 13. h4 h5 14. Bg5 Be7 15. Bxe7 Qxe7 16. Bb3 Bd7 17. g3 c5 18. Re1 Rd8 19. Re3 Bb5 20. a4 Bc6 21. Qe2 a5 22. Bc4 Qc7 23. b3 Ne5 (23... Bb7 $15) 24. Nxe5 $14 dxe5 25. Rc1 Qb6 26. Bb5 Rd4 27. Bxc6+ Qxc6 28. Qb5 (28. Rec3 $5 {[%cal Rc3c5]} Rxe4 29. Re3 Rxe3 30. Qxe3 $14 {[%mdl 64] Double Attack}) 28... Qxb5 {The position is equal.} 29. axb5 O-O 30. Rxc5 f6 {Accuracy: White = 51%, Black = 32%.} 1/2-1/2

[Event "Winter Chess Classic-B 2019"]
[Site "Saint Louis"]
[Date "2019.11.15"]
[Round "6.1"]
[White "Erenburg, Sergey"]
[Black "Perez Ponsa, Federico"]
[Result "1/2-1/2"]
[WhiteElo "2581"]
[BlackElo "2560"]
[Annotator "TA"]
[PlyCount "71"]
[EventDate "2019.11.10"]
[EventType "tourn"]
[EventCountry "USA"]
[SourceTitle "playchess.com"]
[Source "ChessBase"]
[SourceQuality "1"]

{[%evp 9,71,18,18,27,30,30,37,33,41,27,32,32,37,22,47,8,37,0,9,0,38,33,69,75,90,76,87,79,77,66,66,50,50,50,66,66,66,66,66,66,66,66,70,39,65,39,39,33,34,7,8,10,13,0,0,0,8,0,0,0,8,0,0,0]} 1. e4 c5 2. Nf3 d6 3. Bb5+ Nd7 {[%cal Bb8d7,Bd7e5,Be5f3][%mdl 32]} 4. c3 Ngf6 5. Bd3 Ne5 6. Be2 {B51: Sicilian: Moscow Variation (3 Bb5+) without 3...Bd7} Nxf3+ 7. Bxf3 e5 8. d4 {White is slightly better.} Be7 9. dxe5 dxe5 10. Qxd8+ Bxd8 11. Be3 $146 ({Predecessor:} 11. Nd2 Be6 12. Be2 Bc7 {1-0 (38) Aronian,L (2765)-Vachier Lagrave,M (2781) London 2018}) 11... b6 12. a4 Rb8 13. c4 Be6 14. b3 a5 15. Nc3 Bc7 16. O-O-O Rd8 17. Bg5 Ke7 18. h3 h6 19. Bxf6+ (19. Bd2 {is more complex.} Bd6 20. g4 Kd7 21. Nd5 Bxd5 22. exd5 e4 23. Bg2) 19... Kxf6 20. Bg4 Rxd1+ 21. Kxd1 Ke7 22. Ke2 g6 23. Bxe6 Kxe6 $14 {[%mdl 4096] Endgame KRB-KRN} 24. h4 h5 $1 25. Rh3 Bd8 26. Nd5 Rg8 27. Rh1 f5 28. Nc3 Rg7 29. g3 Rd7 {The position is equal.} 30. Rf1 Rd4 31. f3 Be7 32. Rg1 Bf6 33. Nb5 Rd7 34. Nc3 Rd4 35. Ke3 Bg7 36. Ke2 {Accuracy: White = 54%, Black = 75%.} 1/2-1/2

[Event "Winter Chess Classic-B 2019"]
[Site "Saint Louis"]
[Date "2019.11.15"]
[Round "6.2"]
[White "Harutyunian, Tigran K."]
[Black "Yoo, Christopher Woojin"]
[Result "1-0"]
[WhiteElo "2542"]
[BlackElo "2449"]
[Annotator "TA"]
[PlyCount "111"]
[EventDate "2019.11.10"]
[EventType "tourn"]
[EventCountry "USA"]
[SourceTitle "playchess.com"]
[Source "ChessBase"]
[SourceQuality "1"]

{[%evp 16,111,19,2,18,26,17,23,38,37,44,41,64,78,95,69,85,78,83,83,83,83,91,93,95,83,93,88,93,95,103,91,96,93,98,75,83,81,114,106,95,94,108,69,87,93,96,53,97,60,87,80,81,45,60,60,59,31,19,27,20,0,11,0,0,-102,-101,-102,-100,-103,-102,-129,-55,-67,-40,-40,-40,-40,-41,-52,-44,-54,-54,-52,-45,-54,-28,-24,-25,-43,-43,-43,-43,-50,-45,-44,4578,4570]} 1. c4 Nf6 2. Nc3 g6 3. g3 Bg7 4. Bg2 O-O 5. e4 c5 6. Nge2 Nc6 7. d3 d6 8. O-O a6 9. h3 Ne8 {A36: Symmetrical English vs ...g6: 4 Bg2 Bg7} (9... Rb8 10. a4 Ne8 11. Be3 b5 12. axb5 axb5 13. Nxb5 Nc7 14. Nec3 {½-½ (14) Alekseev,E (2649)-Demchenko,A (2661) Fagernes 2019}) 10. Be3 Bd7 11. d4 cxd4 {White has an edge.} 12. Nxd4 Rc8 13. Nde2 Nf6 $146 ({Predecessor:} 13... Na5 14. b3 b5 15. Rc1 bxc4 16. Nd5 Rb8 17. bxc4 e6 18. Ndf4 {0-1 (48) Sega,C (2252)-Blit,J (2301) Santos 2012}) 14. b3 Rb8 15. a4 Qa5 16. Nd5 Nxd5 17. exd5 ({But not} 17. cxd5 Nb4 $11) 17... Nb4 18. Nd4 e5 {[#]} 19. dxe6 $1 fxe6 20. Qd2 Nc6 {Hoping for ...Qxd2.} 21. Rad1 Qxd2 22. Rxd2 Ne5 23. Rfd1 Nf7 24. h4 Rfe8 25. a5 Bf6 26. Nf3 Bd8 27. Ng5 Bxg5 28. hxg5 Bc6 29. f4 Bxg2 30. Kxg2 e5 31. Kf3 Re6 32. Bb6 exf4 33. gxf4 Rbe8 34. Rh1 Rf8 {next ...Nxg5+ is good for Black.} 35. Kg3 Rfe8 36. Rdh2 h6 37. gxh6 {[#] Black must now prevent h7+.} Kh7 38. Kf3 g5 39. Rg1 Rf6 40. f5 (40. Be3 $1 $11 {keeps the balance.}) 40... Rxf5+ $17 41. Kg3 Re4 42. Rf2 Nxh6 43. Rd1 Rxf2 (43... Rfe5 $17 44. Rh2 Kg7) 44. Kxf2 {[%mdl 4096] Endgame KRB-KRN} Nf5 45. c5 $1 Re6 46. Bd8 dxc5 47. Bxg5 Kg6 48. Bd8 Nd4 49. b4 Re2+ 50. Kg3 Re8 (50... Re5 $5 {[%cal Re5d5]} 51. Bb6 Ne2+ 52. Kf3 cxb4 $17) 51. Bb6 Nf5+ 52. Kf4 cxb4 53. Rb1 Ne7 {Threatens to win with ...Nd5+.} 54. Bc5 $1 Nd5+ 55. Kf3 Rf8+ $2 {[%mdl 8192]} (55... Kf5 $15 56. Bxb4 Re3+ 57. Kf2 Re4) 56. Bxf8 {Accuracy: White = 65%, Black = 54%.} 1-0

[Event "Winter Chess Classic-B 2019"]
[Site "Saint Louis"]
[Date "2019.11.15"]
[Round "6.3"]
[White "Khachiyan, Melikset"]
[Black "Sorokin, Aleksey"]
[Result "1/2-1/2"]
[WhiteElo "2493"]
[BlackElo "2513"]
[Annotator "TA"]
[PlyCount "80"]
[EventDate "2019.11.10"]
[EventType "tourn"]
[EventCountry "USA"]
[SourceTitle "playchess.com"]
[Source "ChessBase"]
[SourceQuality "1"]

{[%evp 14,80,20,22,30,12,32,35,36,14,28,16,16,-37,-31,-28,-22,-20,45,38,77,65,64,13,10,17,18,37,31,-19,-19,-18,-11,-48,-25,-22,-31,-25,-24,-47,-20,-39,-16,-23,-13,-44,-11,-25,-14,-18,-15,-32,-31,-32,-44,-68,-69,-72,-36,-66,-17,-20,-20,-26,-28,-27,-37,-34,-10]} 1. e4 c6 2. d4 d5 3. Nc3 dxe4 4. Nxe4 Nf6 5. Nxf6+ exf6 6. c3 Bd6 7. Bd3 O-O 8. Qc2 Re8+ {B15: Caro-Kann: 3 Nc3: 3...g6 and 3...dxe4 4 Nxe4 Nf6 5 Nxf6+ exf6} 9. Ne2 h5 10. Be3 Nd7 {[%cal Bb8d7,Bd7f8,Bf8g6,Bg6e7,Be7d5,Bd5b4][%mdl 32] White is slightly better.} 11. O-O-O (11. Ng3 Bf4 12. O-O-O Bxe3+ 13. fxe3 Rxe3 14. Rde1 Rxe1+ 15. Rxe1 Nf8 16. Nxh5 {½-½ (36) Mamedov,R (2650)-Cheparinov,I (2667) Hengshui 2019}) 11... Nf8 12. Kb1 Be6 13. Nf4 (13. c4 $11) 13... Bxf4 $15 14. Bxf4 Ng6 15. Bc1 $146 ({Predecessor:} 15. Be3 Qd5 16. c4 {0-1 (68) Urban,K (2325)-Parkhov,Y (2364) Bad Blankenburg 2018}) 15... b5 (15... Qd6 $11) 16. f4 $1 $14 {[%cal Rf4f5] Strongly threatening f5.} (16. Bxg6 $2 fxg6 17. Ka1 (17. Qxg6 $2 Qd5 $19) 17... Qd5 $1 $17 {[%mdl 512]}) 16... Ne7 {[#]} 17. f5 $1 {[%cal Rf5e6]} Bc4 18. Be4 (18. Rhg1 $14) 18... Nd5 19. Bd2 b4 20. cxb4 Qb6 21. Bd3 (21. b3 $5 {[%cal Rb3c4]}) 21... Bxd3 22. Qxd3 Nxb4 23. Qb3 Nd5 24. Qxb6 axb6 25. Rhe1 Kf8 26. Rc1 Rxe1 27. Bxe1 $15 {[%mdl 4096] Endgame KRB-KRN} Rc8 28. Bd2 Ke8 29. Rf1 Kd7 30. Kc2 c5 31. dxc5 Rxc5+ 32. Kd3 Ne7 33. Rf4 Nxf5 34. Ra4 Rd5+ 35. Ke2 Kc6 36. Ra8 Nh4 37. Ra7 Rd7 38. Rxd7 Kxd7 39. g3 Nf5 40. Kd3 Kc6 {Accuracy: White = 51%, Black = 51%.} 1/2-1/2

[Event "Winter Chess Classic-B 2019"]
[Site "Saint Louis"]
[Date "2019.11.15"]
[Round "6.4"]
[White "Azarov, Sergei"]
[Black "Cordova, Emilio"]
[Result "1/2-1/2"]
[WhiteElo "2586"]
[BlackElo "2570"]
[Annotator "TA"]
[PlyCount "76"]
[EventDate "2019.11.10"]
[EventType "tourn"]
[EventCountry "USA"]
[SourceTitle "playchess.com"]
[Source "ChessBase"]
[SourceQuality "1"]

{[%evp 18,76,31,0,15,0,0,0,0,0,0,-38,-31,-37,-37,-27,-33,-55,-65,-70,-70,-70,-70,-70,-70,-72,-68,-148,-116,-336,-360,-462,-103,-112,-96,-84,6,8,13,-78,-80,-104,0,0,0,0,0,-9,-9,-9,-8,-15,-10,-16,0,0,0,-12,0,0,27]} 1. e4 e6 2. d4 d5 3. Nd2 a6 4. Bd3 c5 5. dxc5 Bxc5 6. Ngf3 Nc6 7. O-O Nge7 8. a3 O-O 9. b4 Ba7 10. Bb2 Ng6 {C07: French Tarrasch: 3...c5, 4 Ngf3 and 4 exd5 Qxd5} 11. e5 (11. g3 d4 12. h4 Qf6 13. Nh2 e5 14. h5 Nge7 15. f4 exf4 16. gxf4 {1-0 (47) Ali Marandi,C (2515)-Damljanovic,B (2544) Paracin 2017}) 11... Nf4 12. Nb3 f6 13. exf6 gxf6 14. Re1 $146 ({Predecessor:} 14. c4 e5 15. cxd5 Qxd5 16. Bc2 Qf7 17. Nh4 Qg7 18. Nc5 {½-½ (62) Hojjatova,A (2336)-Mammadova,G (2357) Baku 2018}) 14... e5 15. Bf1 Bg4 16. Bc1 {[#]} Nxg2 $1 {[%mdl 512]} 17. Bxg2 e4 18. Bh6 Ne5 {[%mdl 64] Pin} 19. Nbd2 $1 {[%cal Rd2e4]} ({Not} 19. Bxf8 $2 Nxf3+ 20. Bxf3 Bxf3 $19) 19... exf3 20. Nxf3 Re8 {Hoping for ...Nxf3+.} 21. Kh1 $1 Kh8 22. Rg1 ({White should play} 22. Rb1 $15) 22... Re7 23. h3 $2 (23. Bf4 $17 {might work better.}) 23... Qe8 $19 24. Qxd5 {And now Nxe5 would win.} Rd8 $2 (24... Qh5 $1 $19 {[%cal Rg4f3] and Black stays clearly on top.} 25. Nxe5 fxe5) 25. Qb3 $17 {Black must now prevent Nxe5.} Be6 26. Qc3 {[#]} Qh5 {[#]} (26... Rc8 $1 $17 {[%cal Rc8c3]} 27. Qd2 Qh5) 27. Bg5 $1 $11 {[%cal Rg5f6][%mdl 512]} Rf8 (27... fxg5 28. Qxe5+) 28. Nxe5 (28. Bxf6+ $11 {remains equal.} Rxf6 29. Nxe5 Bxh3 30. Bxh3 (30. Ng6+ Qxg6 31. Bxh3 Qe4+ 32. Rg2 Bd4 $11) 30... Qxe5 31. Qxe5 Rxe5 32. Rae1 Rxe1 33. Rxe1) 28... Qxg5 $17 29. Nd3 {[#]} Rc8 (29... Bd5 $1 $17 {aiming for ...Rg7.} 30. Raf1 Rg8) 30. Nc5 $1 $11 {The position is equal.} Bxc5 31. bxc5 Rxc5 32. Qd4 Rd7 33. Qe4 $132 {[%mdl 2048] White has counterplay} Re5 34. Qb4 Qh6 35. Qc3 $1 {[%cal Rc3c8] Threatens to win with Qc8+.} Rg7 36. Rae1 Qf4 37. Qb4 Qxb4 38. axb4 Bf5 {Accuracy: White = 51%, Black = 55%.} 1/2-1/2